The Life of James Ramsay Macdonald 1866-1919 / (Record no. 7989)

MARC details
000 -LEADER
fixed length control field 00567nam a22001932 4500
001 - CONTROL NUMBER
control field 0000009612
005 - DATE AND TIME OF LATEST TRANSACTION
control field 20151217152058.0
008 - FIXED-LENGTH DATA ELEMENTS--GENERAL INFORMATION
fixed length control field 081113s xx 000 0 eng d
040 ## - CATALOGING SOURCE
Original cataloging agency KABU
Transcribing agency KABU
100 1# - MAIN ENTRY--PERSONAL NAME
Personal name Elton, Lord.
-- 0000161340
245 14 - TITLE STATEMENT
Title The Life of James Ramsay Macdonald 1866-1919 /
Statement of responsibility, etc. Lord Elton.
250 ## - EDITION STATEMENT
Edition statement 1st ed.
260 ## - PUBLICATION, DISTRIBUTION, ETC. (IMPRINT)
Place of publication, distribution, etc. London :
Name of publisher, distributor, etc. Collins,
Date of publication, distribution, etc. 1939.
300 ## - PHYSICAL DESCRIPTION
Extent 363 p.
600 10 - SUBJECT ADDED ENTRY--PERSONAL NAME
Personal name MacDonald, James Ramsay, 1866-1937.
-- 0000161341
852 1# - LOCATION
-- p500 KES
908 ## - PUT COMMAND PARAMETER (RLIN)
Put command parameter 081113
950 ## - LOCAL HOLDINGS (RLIN)
-- 1
Holdings
Withdrawn status Lost status Source of classification or shelving scheme Not for loan Home library Current library Date acquired Total Checkouts Full call number Barcode Date last seen Price effective from Koha item type
    Library of Congress Classification   Kabarak, Main Campus Kabarak, Main Campus 17/12/2015   DA566.9 .M25E48 c. 1 15487 17/12/2015 17/12/2015 General Collection
Designed with assistance from East African Informatics Ltd